Obchod znamená prístup do krajiny, investícia znamená prítomnosť v krajine
Nízka úroveň priamych zahraničných investícií na Slovensku. Objektívne a systémové prekážky nízkej miery investovania. Nefunkčnosť zákona o konkurze a vyrovnaní. Priame zahraničné investície ako ekonomická a politická väzba medzi trhmi.
Salvato in:
| Autore principale: | |
|---|---|
| Natura: | Libro |
| Lingua: | slovacco |
| Soggetti: | |
| Tags: |
Nessun Tag, puoi essere il primo ad aggiungerne!!
|
MARC
| LEADER | 00000nam a2200000 4500 | ||
|---|---|---|---|
| 001 | r030867 | ||
| 005 | 20230921082023.1 | ||
| 041 | 0 | |a slo | |
| 044 | |a SK | ||
| 245 | 1 | 0 | |a Obchod znamená prístup do krajiny, investícia znamená prítomnosť v krajine |c Fígeľ Ján |
| 520 | |a Nízka úroveň priamych zahraničných investícií na Slovensku. Objektívne a systémové prekážky nízkej miery investovania. Nefunkčnosť zákona o konkurze a vyrovnaní. Priame zahraničné investície ako ekonomická a politická väzba medzi trhmi. | ||
| 610 | 2 | 0 | |a investície priame zahraničné |
| 610 | 2 | 0 | |a obchod |
| 610 | 2 | 0 | |a investori |
| 610 | 2 | 0 | |a legislatíva |
| 610 | 2 | 0 | |a Slovensko |
| 610 | 2 | 0 | |a OECD |
| 100 | 1 | |a Figeľ, Ján | |